| Tag |
First Indicator |
Second Indicator |
Subfields |
| LEADER |
00000cam a2200000 i 4500 |
| 001 |
in00003862607 |
| 005 |
20211120182445.0 |
| 006 |
m o d f |
| 007 |
cr mn||||||||| |
| 008 |
170727s1996 dcua o f000 0 eng c |
| 035 |
|
|
|a (OCoLC)ocn995176225
|
| 042 |
|
|
|a pcc
|
| 043 |
|
|
|a n-us---
|
| 040 |
|
|
|a GPO
|b eng
|e rda
|e pn
|c GPO
|d MvI
|
| 049 |
|
|
|a WWW
|
| 074 |
|
|
|a 0599-Q (online)
|
| 086 |
0 |
|
|a HH 14.2:C 73/3
|
| 245 |
0 |
0 |
|a Communities at work :
|b addressing the urban challenge.
|
| 264 |
|
1 |
|a [Washington, D.C.] :
|b U.S. Department of Housing and Urban Development, Office of Policy Development and Research,
|c 1996.
|
| 300 |
|
|
|a 1 online resource (123 pages) :
|b illustrations
|
| 336 |
|
|
|a text
|b txt
|2 rdacontent
|
| 337 |
|
|
|a computer
|b c
|2 rdamedia
|
| 338 |
|
|
|a online resource
|b cr
|2 rdacarrier
|
| 588 |
|
|
|a Description based on online resource; title from PDF title page (HUD User website, viewed July 27, 2017).
|
| 500 |
|
|
|a "National Excellence Awards for the City Summit"--Cover.
|
| 500 |
|
|
|a "This report was prepared by Aspen Systems Corporation and the Mega-Cities Project, Inc., through funding provided by the U.S. Department of Housing and Urban Development"--Page v.
|
| 500 |
|
|
|a "June 1996."
|
| 650 |
|
0 |
|a Community development, Urban
|z United States.
|
| 650 |
|
0 |
|a Housing
|z United States.
|
| 650 |
|
0 |
|a Low-income housing
|z United States.
|
| 650 |
|
0 |
|a Homeless persons
|x Services for
|z United States.
|
| 710 |
1 |
|
|a United States.
|b Department of Housing and Urban Development.
|b Office of Policy Development and Research,
|e issuing body.
|
| 776 |
0 |
8 |
|i Print version:
|a Aspen Systems Corporation.
|t Communities at work
|w (OCoLC)34917201
|
| 856 |
4 |
0 |
|u https://purl.fdlp.gov/GPO/gpo83162
|t 0
|
| 999 |
f |
f |
|s 54cb81e4-3e54-31ab-9e3c-0547917e1c10
|i c3d610f7-c54e-3c5d-96ff-96d66fe7003b
|t 0
|
| 952 |
f |
f |
|a Texas A&M University
|b College Station
|c Electronic Resources
|d Available Online
|t 0
|e HH 14.2:C 73/3
|h Superintendent of Documents classification
|
| 998 |
f |
f |
|a HH 14.2:C 73/3
|t 0
|l Available Online
|